000 00348nam a2200133Ia 4500
008 231129s9999||||xx |||||||||||||| ||spa||
020 _a958-30-0295-X
040 _bspa
082 _aCo863.44 N718da
100 _aNiño Jairo Aní­bal
245 0 _aDalia y zazir
264 _aPanamericana
942 _2ddc
_cBKS
999 _c8692
_d8692